இலங்கை வரலாறு = History of Sri Lanka vol II : பாகம் II (கி. பி. 1505 - கி.பி. 1796) /

Ilankai varalaru : pakam II
Saved in:
Bibliographic Details
Format: Book
Published: [வெ.இ.இ] : பிறைநிலா வௌியீட்டகம் , 2002.
Tags: Add Tag
No Tags, Be the first to tag this record!

MARC

LEADER 00000nam a22000007a 4500
003 LK-CoNLD
005 20251122111803.0
008 251122b |||||||| |||| 00| 0 ||| d
015 |2 slnb 
017 |b LK-CoDNA 
040 |a LK-CoNLD  |b TAM  |c LK-CoNLD  |d LK-CoNLD 
082 |2 23  |q LK-CoNLD  |a 954.891 
245 |6 880-1  |a இலங்கை வரலாறு = History of Sri Lanka vol II :  |b பாகம் II (கி. பி. 1505 - கி.பி. 1796) /  |c செல்லையா கிருஷ்ணராசா. 
260 |a [வெ.இ.இ] :  |b பிறைநிலா வௌியீட்டகம் ,  |c 2002. 
300 |a ப. xi, 296 ; 
880 |6 245-1  |a Ilankai varalaru : pakam II 
942 |c BOOK 
945 |a 1963  |b Rajaratnam LISHVINI  |c 1963  |d Rajaratnam LISHVINI 
999 |c 294441  |d 294441